01199nam a2200325 i 450000100060000000300090000600500170001500800410003202000140007304000360008704600090012308000100013210000290014224500950017126000410026630000340030733600270034133700540036833800280042238000160045038800140046649000720048050400370055265000130058965000300060265800280063270000430066083000720070385600980077540823KOSZ 00520190905130149.0020311s1998 us f |000 0 eng d a007890878 cKOSZ 005aKOSZ 005dKOSZ 005/HR k1998 a628.31 aCrites, Ronald W.eAutor10aSmall and decentralized wastewater management systems /cRon Crites, George Tchobanoglous. aBoston [etc.] :bMcGraw-Hill,c1998. aXIX, 1084 s. :bil. ;c23 cm. 2rdacontentaTekstbtxt 2rdamediaaBez urządzenia pośredniczącegobn 2rdacarrieraWoluminbnc aKsiążki a1901-20001 aMcGraw-Hill Series in Water Resources and Environmental Engineering aBibliogr. przy rozdz. - Indeksy. 9aŚcieki 9aOczyszczalnia ścieków aInżynieria i technika1 aTchobanoglous, Georged(1935- )eAutor 0aMcGraw-Hill Series in Water Resources and Environmental Engineering uhttp://koha.tu.koszalin.pl/cgi-bin/koha/opac-detail.pl?biblionumber=40823yKatalog online BPK